[Event "GER-ch Youth U12 2020"]
[Site "Willingen"]
[Date "2020.10.30"]
[Round "5.20"]
[White "Chugunov, Ivan"]
[Black "Schwarz, David"]
[Result "0-1"]
[WhiteElo "1552"]
[BlackElo "1200"]
[Annotator "NA RC"]
[PlyCount "74"]
[EventDate "2020.10.27"]
[EventType "swiss"]
[EventRounds "7"]
[EventCountry "GER"]
[SourceTitle "playchess.com"]
[Source "ChessBase"]
[SourceQuality "1"]
[TimeControl "40/5400+30:1800+30"]

1. e4 {[%emt 0:00:00]} e5 {[%emt 0:00:00]} 2. Nf3 {[%emt 0:00:00]} Nc6 {[%emt 0:00:00]} 3. Bc4 {[%emt 0:00:02]} Bc5 {[%emt 0:00:22]} 4. c3 {[%emt 0:00:11]} Nf6 {[%emt 0:00:42]} 5. d3 {[%emt 0:00:23]} d6 {[%emt 0:03:16]} 6. Bb3 {[%emt 0:00:13]} a6 {[%emt 0:01:16]} 7. h3 {[%emt 0:00:18]} Ba7 {[%emt 0:00:34]} 8. Nbd2 {[%emt 0:00:49]} h6 {[%emt 0:00:21]} 9. a4 {[%emt 0:01:09]} Be6 {[%emt 0:01:07]} 10. Bc2 {[%emt 0:00:14]} Qd7 {[%emt 0:01:30]} 11. Nf1 {[%emt 0:00:59]} g5 {[%emt 0:01:35]} 12. b4 {[%emt 0:01:46]} Ne7 {[%emt 0:02:32]} 13. g4 {[%emt 0:02:00]} Ng6 {[%emt 0:02:25]} 14. Ng3 {[%emt 0:01:23]} O-O-O {[%emt 0:05:28]} 15. a5 {[%emt 0:03:19]} Nf4 {[%emt 0:04:16]} 16. Bxf4 {[%emt 0:01:13]} gxf4 {[%emt 0:00:10]} 17. Ba4 {[%emt 0:01:05]} c6 {[%emt 0:03:01]} 18. Nf5 {[%emt 0:00:38]} Rdg8 {[%emt 0:02:18]} 19. Rg1 {[%emt 0:02:01]} h5 {[%emt 0:02:58]} 20. Nd2 {[%emt 0:01:19]} hxg4 {[%emt 0:01:54]} 21. hxg4 {[%emt 0:01:17]} Rh2 {[%emt 0:01:24]} 22. d4 {[%emt 0:00:51]} Bxf5 {[%emt 0:05:28]} 23. exf5 {[%emt 0:00:57]} exd4 {[%emt 0:01:23]} 24. Nf3 {[%emt 0:03:52]} Rh3 {[%emt 0:03:05]} 25. cxd4 {[%emt 0:06:57]} Rxg4 {[%emt 0:02:53]} 26. Rxg4 {[%emt 0:03:53]} Nxg4 {[%emt 0:00:38]} 27. Ng1 {[%emt 0:00:36]} Rh4 {[%emt 0:00:28]} 28. Ra2 {[%emt 0:02:55]} Qxf5 {[%emt 0:05:00]} 29. Re2 {[%emt 0:08:06]} f3 {[%emt 0:03:21]} 30. Qc2 {[%emt 0:07:55]} Qxc2 {[%emt 0:02:15]} 31. Rxc2 {[%emt 0:01:01]} Rh1 {[%emt 0:00:43]} 32. Kd2 Rxg1 {[%emt 0:00:27]} 33. Rc3 {[%emt 0:07:05]} Rf1 {[%emt 0:00:55]} 34. Rxf3 {[%emt 0:01:14]} Rxf2+ {[%emt 0:00:58]} 35. Rxf2 {[%emt 0:00:26]} Nxf2 {[%emt 0:00:05]} 36. Bc2 {[%emt 0:00:16]} Bxd4 {[%emt 0:01:08]} 37. Ke2 {[%emt 0:02:21]} Kc7 {[%emt 0:00:41]} 0-1

[Event "GER-ch Youth U12 2020"]
[Site "Willingen"]
[Date "2020.10.30"]
[Round "5.21"]
[White "Weyerer, Noah"]
[Black "Schneble, Milan"]
[Result "1-0"]
[WhiteElo "1536"]
[BlackElo "1418"]
[Annotator "NA RC"]
[PlyCount "49"]
[EventDate "2020.10.27"]
[EventType "swiss"]
[EventRounds "7"]
[EventCountry "GER"]
[SourceTitle "playchess.com"]
[Source "ChessBase"]
[SourceQuality "1"]
[TimeControl "40/5400+30:1800+30"]

1. d4 {[%emt 0:00:00]} d6 {[%emt 0:00:00]} 2. Bf4 {[%emt 0:00:00]} Nf6 {[%emt 0:00:02]} 3. Nc3 {[%emt 0:00:00]} g6 {[%emt 0:00:18]} 4. e4 {[%emt 0:00:10]} c6 {[%emt 0:00:27]} 5. Qd2 {[%emt 0:01:43]} b5 {[%emt 0:00:24]} 6. f3 {[%emt 0:02:02]} Nbd7 {[%emt 0:04:24]} 7. d5 {[%emt 0:03:12]} cxd5 {[%emt 0:13:01]} 8. Nxd5 {[%emt 0:02:40]} a6 {[%emt 0:01:03]} 9. a4 {[%emt 0:05:04]} Nxd5 {[%emt 0:02:42]} 10. Qxd5 {[%emt 0:08:19]} Nb6 {[%emt 0:00:22]} 11. Qd4 {[%emt 0:05:06]} f6 {[%emt 0:01:11]} 12. Be3 {[%emt 0:02:16]} Nxa4 {[%emt 0:02:32]} 13. b3 {[%emt 0:02:05]} Nc5 {[%emt 0:01:46]} 14. Bxb5+ {[%emt 0:02:39]} Bd7 {[%emt 0:00:17]} 15. Bxd7+ {[%emt 0:01:26]} Qxd7 {[%emt 0:00:50]} 16. Ne2 {[%emt 0:05:51]} Bg7 {[%emt 0:01:15]} 17. Qd2 {[%emt 0:06:04]} Ne6 {[%emt 0:01:43]} 18. Ra4 {[%emt 0:05:50]} O-O {[%emt 0:01:10]} 19. O-O {[%emt 0:06:32]} Rfc8 {[%emt 0:02:30]} 20. Rc1 {[%emt 0:03:03]} Rc6 {[%emt 0:09:10]} 21. Qd5 {[%emt 0:03:30]} Kf8 {[%emt 0:01:38]} 22. c4 {[%emt 0:05:09]} Rcc8 {[%emt 0:04:49]} 23. Rca1 {[%emt 0:06:19]} Nc5 {[%emt 0:00:47]} 24. Bxc5 {[%emt 0:01:05]} Rxc5 {[%emt 0:00:11]} 25. Qxa8+ {[%emt 0:00:15]} 1-0

[Event "GER-ch Youth U12 2020"]
[Site "Willingen"]
[Date "2020.10.30"]
[Round "5.22"]
[White "Gärtner, Alessandro"]
[Black "Müller, Mitja"]
[Result "1-0"]
[WhiteElo "1251"]
[BlackElo "1360"]
[Annotator "NA RC"]
[PlyCount "107"]
[EventDate "2020.10.27"]
[EventType "swiss"]
[EventRounds "7"]
[EventCountry "GER"]
[SourceTitle "playchess.com"]
[Source "ChessBase"]
[SourceQuality "1"]
[TimeControl "40/5400+30:1800+30"]

1. d4 {[%emt 0:00:00]} d5 {[%emt 0:00:00]} 2. Bf4 {[%emt 0:00:00]} Nf6 {[%emt 0:00:00]} 3. Nf3 {[%emt 0:00:00]} c5 {[%emt 0:00:15]} 4. e3 {[%emt 0:00:08]} Nc6 {[%emt 0:00:27]} 5. c3 {[%emt 0:00:10]} Qb6 {[%emt 0:00:23]} 6. Na3 {[%emt 0:02:24]} c4 {[%emt 0:02:26]} 7. Qc1 {[%emt 0:07:12]} Bf5 {[%emt 0:02:39]} 8. Be2 {[%emt 0:00:25]} e6 {[%emt 0:00:26]} 9. Nc2 {[%emt 0:00:24]} Be7 {[%emt 0:01:58]} 10. O-O {[%emt 0:00:21]} O-O {[%emt 0:00:32]} 11. Nd2 {[%emt 0:01:34]} Qa5 {[%emt 0:02:49]} 12. f3 {[%emt 0:02:01]} b5 {[%emt 0:01:48]} 13. a3 {[%emt 0:01:12]} Qb6 {[%emt 0:07:58]} 14. Re1 {[%emt 0:01:04]} Bxc2 {[%emt 0:20:04]} 15. Qxc2 {[%emt 0:00:48]} e5 {[%emt 0:06:09]} 16. Bg3 {[%emt 0:02:26]} Rfe8 {[%emt 0:09:16]} 17. Bf2 {[%emt 0:02:06]} Bd6 {[%emt 0:01:15]} 18. Qf5 {[%emt 0:03:31]} Ne7 {[%emt 0:10:53]} 19. Qh3 {[%emt 0:02:08]} Ng6 {[%emt 0:01:21]} 20. g3 {[%emt 0:05:52]} Rad8 {[%emt 0:02:00]} 21. Bf1 {[%emt 0:07:42]} e4 {[%emt 0:01:24]} 22. fxe4 {[%emt 0:04:36]} Nxe4 {[%emt 0:00:28]} 23. Nxe4 {[%emt 0:00:23]} Rxe4 {[%emt 0:05:15]} 24. Bg2 {[%emt 0:00:09]} Ree8 {[%emt 0:00:18]} 25. Bxd5 {[%emt 0:00:52]} Bxg3 {[%emt 0:00:35]} 26. Bxf7+ {[%emt 0:00:20]} Kxf7 {[%emt 0:00:12]} 27. Bxg3 {[%emt 0:00:37]} Kg8 {[%emt 0:00:56]} 28. Re2 {[%emt 0:03:16]} Re7 {[%emt 0:03:12]} 29. Rf1 {[%emt 0:01:45]} Rde8 {[%emt 0:01:30]} 30. Qf5 {[%emt 0:00:59]} Qe6 {[%emt 0:02:38]} 31. Qxe6+ {[%emt 0:03:14]} Rxe6 {[%emt 0:00:21]} 32. Rfe1 {[%emt 0:00:03]} Ne7 {[%emt 0:00:31]} 33. e4 {[%emt 0:02:19]} Nf5 {[%emt 0:00:16]} 34. d5 {[%emt 0:01:12]} Nxg3 {[%emt 0:01:04]} 35. hxg3 {[%emt 0:00:03]} Re5 {[%emt 0:00:23]} 36. d6 {[%emt 0:00:57]} Kf7 {[%emt 0:00:50]} 37. Rd2 {[%emt 0:00:47]} Ke6 {[%emt 0:01:41]} 38. Rd4 {[%emt 0:00:28]} Rd8 {[%emt 0:00:49]} 39. Red1 {[%emt 0:00:12]} Kd7 {[%emt 0:00:55]} 40. a4 {[%emt 0:00:40]} a6 {[%emt 0:00:32]} 41. Kf2 {[%emt 0:34:39]} Rf8+ {[%emt 0:31:12]} 42. Ke3 {[%emt 0:00:33]} g5 {[%emt 0:00:51]} 43. axb5 {[%emt 0:01:14]} axb5 {[%emt 0:00:09]} 44. Ra1 {[%emt 0:00:15]} g4 {[%emt 0:00:58]} 45. Ra7+ {[%emt 0:00:57]} Kc6 {[%emt 0:00:56]} 46. Rc7+ {[%emt 0:00:23]} Kb6 {[%emt 0:00:20]} 47. Rxh7 {[%emt 0:02:13]} Re6 {[%emt 0:00:24]} 48. Re7 {[%emt 0:00:46]} Ref6 {[%emt 0:00:13]} 49. e5 {[%emt 0:01:03]} Rf3+ {[%emt 0:01:14]} 50. Ke4 {[%emt 0:02:02]} Kc6 {[%emt 0:01:04]} 51. d7 {[%emt 0:01:13]} Rf1 {[%emt 0:00:39]} 52. d8=N+ {[%emt 0:01:24]} Kc5 {[%emt 0:02:12]} 53. Ne6+ {[%emt 0:02:07]} Kc6 {[%emt 0:00:18]} 54. Rd6# {[%emt 0:00:14]} 1-0

[Event "GER-ch Youth U12 2020"]
[Site "Willingen"]
[Date "2020.10.30"]
[Round "5.23"]
[White "Guo, Jacob Tingshen"]
[Black "Cromm, Mika"]
[Result "1/2-1/2"]
[WhiteElo "1551"]
[BlackElo "1665"]
[Annotator "NA RC"]
[PlyCount "43"]
[EventDate "2020.10.27"]
[EventType "swiss"]
[EventRounds "7"]
[EventCountry "GER"]
[SourceTitle "playchess.com"]
[Source "ChessBase"]
[SourceQuality "1"]
[TimeControl "40/5400+30:1800+30"]

1. d4 {[%emt 0:00:00]} d5 {[%emt 0:00:00]} 2. c4 {[%emt 0:00:00]} e6 {[%emt 0:00:00]} 3. Nc3 {[%emt 0:00:00]} Nf6 {[%emt 0:00:00]} 4. cxd5 {[%emt 0:01:32]} exd5 {[%emt 0:00:46]} 5. Nf3 {[%emt 0:02:34]} Be7 {[%emt 0:02:18]} 6. Bg5 {[%emt 0:01:34]} O-O {[%emt 0:03:22]} 7. e3 {[%emt 0:07:22]} c6 {[%emt 0:02:51]} 8. Qc2 {[%emt 0:04:48]} Be6 {[%emt 0:06:35]} 9. Bd3 {[%emt 0:03:43]} h6 {[%emt 0:00:52]} 10. Bh4 {[%emt 0:04:13]} Nbd7 {[%emt 0:04:02]} 11. O-O {[%emt 0:10:35]} Rc8 {[%emt 0:05:41]} 12. Rac1 {[%emt 0:11:31]} c5 {[%emt 0:06:01]} 13. Qd2 {[%emt 0:14:31]} a6 {[%emt 0:07:07]} 14. a4 {[%emt 0:04:36]} cxd4 {[%emt 0:20:54]} 15. exd4 {[%emt 0:03:26]} Nh5 {[%emt 0:06:41]} 16. Bxe7 {[%emt 0:02:51]} Qxe7 {[%emt 0:00:11]} 17. Rfe1 {[%emt 0:02:43]} Nhf6 {[%emt 0:03:43]} 18. Na2 {[%emt 0:16:14]} Qd6 {[%emt 0:05:58]} 19. a5 {[%emt 0:03:09]} b5 {[%emt 0:01:47]} 20. b4 {[%emt 0:01:25]} Nb8 {[%emt 0:02:55]} 21. Ne5 {[%emt 0:01:19]} Nfd7 {[%emt 0:00:33]} 22. f4 {[%emt 0:00:57]} 1/2-1/2

[Event "GER-ch Youth U12 2020"]
[Site "Willingen"]
[Date "2020.10.30"]
[Round "5.24"]
[White "Schröder, Jan-Hendrik"]
[Black "Huber, Benedikt"]
[Result "0-1"]
[WhiteElo "1324"]
[BlackElo "1725"]
[Annotator "NA RC"]
[PlyCount "92"]
[EventDate "2020.10.27"]
[EventType "swiss"]
[EventRounds "7"]
[EventCountry "GER"]
[SourceTitle "playchess.com"]
[Source "ChessBase"]
[SourceQuality "1"]
[TimeControl "40/5400+30:1800+30"]

1. e4 {[%emt 0:00:00]} e6 {[%emt 0:00:00]} 2. d4 {[%emt 0:00:00]} d5 {[%emt 0:00:00]} 3. e5 {[%emt 0:00:06]} c5 {[%emt 0:00:00]} 4. c3 {[%emt 0:00:06]} Qb6 {[%emt 0:00:04]} 5. Nf3 {[%emt 0:00:09]} Nc6 {[%emt 0:00:26]} 6. Bd3 {[%emt 0:00:19]} cxd4 {[%emt 0:00:24]} 7. cxd4 {[%emt 0:00:07]} Bd7 {[%emt 0:00:05]} 8. O-O {[%emt 0:01:32]} Nxd4 {[%emt 0:02:19]} 9. Nxd4 {[%emt 0:00:43]} Qxd4 {[%emt 0:00:08]} 10. Nc3 {[%emt 0:00:07]} a6 {[%emt 0:00:06]} 11. Re1 {[%emt 0:00:38]} Rc8 {[%emt 0:02:57]} 12. Be3 {[%emt 0:00:56]} Qh4 {[%emt 0:02:33]} 13. g3 {[%emt 0:05:48]} Qd8 {[%emt 0:05:47]} 14. f4 {[%emt 0:02:32]} Ne7 {[%emt 0:05:48]} 15. Bf2 {[%emt 0:10:23]} g6 {[%emt 0:08:58]} 16. Qb3 {[%emt 0:05:59]} Bc6 {[%emt 0:01:23]} 17. Rac1 {[%emt 0:05:34]} Bg7 {[%emt 0:05:16]} 18. Na4 {[%emt 0:06:42]} O-O {[%emt 0:02:49]} 19. Bc5 {[%emt 0:04:52]} Bxa4 {[%emt 0:04:27]} 20. Qxa4 {[%emt 0:00:43]} Re8 {[%emt 0:00:38]} 21. Qb4 {[%emt 0:01:50]} Rb8 {[%emt 0:13:58]} 22. Bd6 {[%emt 0:08:05]} Nc6 {[%emt 0:00:48]} 23. Qb3 {[%emt 0:07:50]} Nd4 {[%emt 0:04:02]} 24. Qd1 {[%emt 0:00:17]} Ra8 {[%emt 0:08:27]} 25. a4 {[%emt 0:08:12]} Nc6 {[%emt 0:03:15]} 26. b4 {[%emt 0:02:17]} Bf8 {[%emt 0:03:11]} 27. Bxf8 {[%emt 0:01:12]} Rxf8 {[%emt 0:00:39]} 28. b5 {[%emt 0:00:48]} axb5 {[%emt 0:01:01]} 29. Bxb5 {[%emt 0:00:06]} Qb6+ {[%emt 0:00:55]} 30. Kg2 {[%emt 0:00:57]} Rfc8 {[%emt 0:02:38]} 31. Rb1 {[%emt 0:02:47]} Qa7 {[%emt 0:02:41]} 32. Qd2 {[%emt 0:04:54]} Nd4 {[%emt 0:03:02]} 33. Rec1 {[%emt 0:03:50]} Nxb5 {[%emt 0:03:31]} 34. axb5 {[%emt 0:00:22]} Rxc1 {[%emt 0:00:58]} 35. Rxc1 {[%emt 0:00:09]} Qa4 {[%emt 0:00:47]} 36. Qd3 {[%emt 0:02:22]} Ra5 {[%emt 0:02:51]} 37. b6 {[%emt 0:02:21]} Rb5 {[%emt 0:01:38]} 38. Qc3 {[%emt 0:04:24]} Qe4+ {[%emt 0:01:57]} 39. Kh3 {[%emt 0:00:53]} Rxb6 {[%emt 0:00:58]} 40. Qc8+ {[%emt 0:04:47]} Kg7 {[%emt 0:00:08]} 41. Qd8 {[%emt 0:30:14]} Qf5+ {[%emt 0:30:25]} 42. Kg2 {[%emt 0:00:59]} Rb2+ {[%emt 0:00:56]} 43. Kf3 {[%emt 0:01:54]} Qd3+ {[%emt 0:00:36]} 44. Kg4 {[%emt 0:00:22]} h5+ {[%emt 0:00:15]} 45. Kh4 {[%emt 0:00:48]} Rxh2+ {[%emt 0:00:15]} 46. Kg5 {[%emt 0:00:16]} Qf5# {[%emt 0:00:07]} 0-1

[Event "GER-ch Youth U12 2020"]
[Site "Willingen"]
[Date "2020.10.30"]
[Round "5.25"]
[White "Göpfert, Gregor"]
[Black "Ivanov, Alexander"]
[Result "1-0"]
[WhiteElo "1603"]
[BlackElo "1261"]
[Annotator "NA RC"]
[PlyCount "79"]
[EventDate "2020.10.27"]
[EventType "swiss"]
[EventRounds "7"]
[EventCountry "GER"]
[SourceTitle "playchess.com"]
[Source "ChessBase"]
[SourceQuality "1"]
[TimeControl "40/5400+30:1800+30"]

1. e4 {[%emt 0:00:00]} c5 {[%emt 0:00:00]} 2. Nf3 {[%emt 0:00:00]} g6 {[%emt 0:00:00]} 3. d4 {[%emt 0:00:00]} cxd4 {[%emt 0:00:00]} 4. Nxd4 {[%emt 0:00:02]} Bg7 {[%emt 0:00:21]} 5. Be3 {[%emt 0:01:40]} Nc6 {[%emt 0:00:20]} 6. c4 {[%emt 0:04:20]} d6 {[%emt 0:01:34]} 7. Qd2 {[%emt 0:03:26]} Nf6 {[%emt 0:00:24]} 8. Nc3 {[%emt 0:00:05]} O-O {[%emt 0:00:34]} 9. Be2 {[%emt 0:00:08]} a6 {[%emt 0:03:10]} 10. h3 {[%emt 0:02:20]} Nxd4 {[%emt 0:02:37]} 11. Bxd4 {[%emt 0:07:27]} Qc7 {[%emt 0:03:24]} 12. O-O {[%emt 0:01:39]} Qc6 {[%emt 0:01:19]} 13. Bd3 {[%emt 0:05:57]} Rd8 {[%emt 0:00:38]} 14. Bxf6 {[%emt 0:06:46]} Bxf6 {[%emt 0:00:29]} 15. Nd5 {[%emt 0:00:10]} Kf8 {[%emt 0:03:37]} 16. Nxf6 {[%emt 0:00:25]} exf6 {[%emt 0:00:09]} 17. Rfd1 {[%emt 0:05:04]} Be6 {[%emt 0:00:53]} 18. Rac1 {[%emt 0:00:35]} Rd7 {[%emt 0:01:29]} 19. Qh6+ {[%emt 0:02:21]} Kg8 {[%emt 0:00:53]} 20. b3 {[%emt 0:03:32]} Qc5 {[%emt 0:01:26]} 21. Bb1 {[%emt 0:06:43]} Rad8 {[%emt 0:01:40]} 22. Rc2 {[%emt 0:06:38]} b5 {[%emt 0:01:16]} 23. cxb5 {[%emt 0:00:55]} Qxb5 {[%emt 0:00:13]} 24. Qe3 {[%emt 0:00:55]} d5 {[%emt 0:01:33]} 25. Rcd2 {[%emt 0:00:44]} dxe4 {[%emt 0:03:02]} 26. Rxd7 {[%emt 0:00:15]} Rxd7 {[%emt 0:00:38]} 27. Rxd7 {[%emt 0:00:37]} Qxd7 {[%emt 0:00:14]} 28. Qxe4 {[%emt 0:02:04]} Qd1+ {[%emt 0:00:19]} 29. Kh2 {[%emt 0:00:32]} Bf5 {[%emt 0:00:18]} 30. Qa8+ {[%emt 0:00:14]} Kg7 {[%emt 0:00:14]} 31. Bxf5 {[%emt 0:00:20]} gxf5 {[%emt 0:00:12]} 32. Qxa6 {[%emt 0:00:54]} Qd2 {[%emt 0:01:27]} 33. Qb6 {[%emt 0:09:45]} Qxa2 {[%emt 0:00:42]} 34. b4 {[%emt 0:05:11]} Qb2 {[%emt 0:01:37]} 35. Qb8 {[%emt 0:01:38]} Qxf2 {[%emt 0:00:54]} 36. Qg3+ {[%emt 0:00:16]} Qxg3+ 37. Kxg3 Kf8 {[%emt 0:00:54]} 38. Kf4 {[%emt 0:01:12]} Ke7 {[%emt 0:00:16]} 39. Kxf5 {[%emt 0:00:15]} h6 {[%emt 0:00:09]} 40. g4 {[%emt 0:00:38]} 1-0

[Event "GER-ch Youth U12 2020"]
[Site "Willingen"]
[Date "2020.10.30"]
[Round "5.26"]
[White "Stadelmann, Constantin"]
[Black "Brandstrup, Luca Alexander"]
[Result "0-1"]
[WhiteElo "1366"]
[BlackElo "1575"]
[Annotator "NA RC"]
[PlyCount "58"]
[EventDate "2020.10.27"]
[EventType "swiss"]
[EventRounds "7"]
[EventCountry "GER"]
[SourceTitle "playchess.com"]
[Source "ChessBase"]
[SourceQuality "1"]
[TimeControl "40/5400+30:1800+30"]

1. d4 {[%emt 0:00:00]} Nf6 {[%emt 0:00:00]} 2. Nf3 {[%emt 0:00:00]} e6 {[%emt 0:00:00]} 3. e3 {[%emt 0:00:00]} c5 {[%emt 0:00:11]} 4. b3 {[%emt 0:00:23]} d5 {[%emt 0:01:38]} 5. Bd3 {[%emt 0:00:20]} Be7 {[%emt 0:00:45]} 6. O-O {[%emt 0:00:35]} O-O {[%emt 0:08:11]} 7. Bb2 {[%emt 0:00:33]} Nbd7 {[%emt 0:01:11]} 8. Nbd2 {[%emt 0:00:23]} b6 {[%emt 0:01:08]} 9. Ne5 {[%emt 0:00:16]} Nxe5 {[%emt 0:01:02]} 10. dxe5 {[%emt 0:00:13]} Nd7 {[%emt 0:00:19]} 11. f4 {[%emt 0:00:12]} f6 {[%emt 0:00:52]} 12. Qh5 {[%emt 0:02:46]} f5 {[%emt 0:01:37]} 13. g4 {[%emt 0:02:46]} g6 {[%emt 0:03:32]} 14. Qh3 {[%emt 0:02:19]} Bb7 {[%emt 0:01:17]} 15. Rf3 {[%emt 0:05:07]} d4 {[%emt 0:01:51]} 16. e4 {[%emt 0:00:55]} fxe4 {[%emt 0:01:05]} 17. Nxe4 {[%emt 0:00:25]} Rf7 {[%emt 0:01:36]} 18. c3 {[%emt 0:29:32]} dxc3 {[%emt 0:01:13]} 19. Bxc3 {[%emt 0:00:09]} Bd5 {[%emt 0:03:19]} 20. Re1 {[%emt 0:02:08]} Qc7 {[%emt 0:03:19]} 21. f5 {[%emt 0:09:08]} Nxe5 {[%emt 0:07:04]} 22. Bxe5 {[%emt 0:00:15]} Qxe5 {[%emt 0:00:54]} 23. f6 {[%emt 0:00:14]} Qd4+ {[%emt 0:04:05]} 24. Kf1 {[%emt 0:04:33]} Bxf6 {[%emt 0:05:26]} 25. g5 {[%emt 0:01:31]} Be7 {[%emt 0:01:41]} 26. Rxf7 {[%emt 0:03:51]} Kxf7 {[%emt 0:00:17]} 27. Qxh7+ {[%emt 0:00:39]} Qg7 {[%emt 0:00:26]} 28. Qh4 {[%emt 0:00:47]} Kg8 {[%emt 0:04:04]} 29. Qf4 {[%emt 0:00:34]} Rf8 {[%emt 0:00:46]} 0-1

[Event "GER-ch Youth U12 2020"]
[Site "Willingen"]
[Date "2020.10.30"]
[Round "5.27"]
[White "Detjen, Mattes"]
[Black "Dorendorf, Mika"]
[Result "0-1"]
[WhiteElo "1190"]
[BlackElo "1462"]
[Annotator "NA RC"]
[PlyCount "34"]
[EventDate "2020.10.27"]
[EventType "swiss"]
[EventRounds "7"]
[EventCountry "GER"]
[SourceTitle "playchess.com"]
[Source "ChessBase"]
[SourceQuality "1"]
[TimeControl "40/5400+30:1800+30"]

1. e4 {[%emt 0:00:00]} c5 {[%emt 0:00:01]} 2. c3 {[%emt 0:00:00]} Nf6 {[%emt 0:00:02]} 3. e5 {[%emt 0:00:15]} Nd5 {[%emt 0:00:04]} 4. d4 {[%emt 0:00:28]} cxd4 {[%emt 0:00:55]} 5. Nf3 {[%emt 0:01:29]} e6 {[%emt 0:01:24]} 6. cxd4 {[%emt 0:02:25]} Nc6 {[%emt 0:02:47]} 7. Nc3 {[%emt 0:03:53]} d6 {[%emt 0:03:48]} 8. exd6 {[%emt 0:02:30]} Bxd6 {[%emt 0:01:23]} 9. Bd3 {[%emt 0:02:04]} a6 {[%emt 0:05:04]} 10. O-O {[%emt 0:01:44]} Bd7 {[%emt 0:10:22]} 11. a3 {[%emt 0:05:43]} h6 {[%emt 0:09:55]} 12. Bc2 {[%emt 0:02:32]} Qc7 {[%emt 0:05:35]} 13. b4 {[%emt 0:02:09]} Nxc3 14. Qd3 {[%emt 0:02:05]} Nd5 {[%emt 0:01:30]} 15. b5 {[%emt 0:03:57]} axb5 {[%emt 0:00:38]} 16. Qxb5 {[%emt 0:00:12]} Nxd4 {[%emt 0:00:11]} 17. Qd3 {[%emt 0:00:49]} Nxc2 {[%emt 0:00:33]} 0-1

[Event "GER-ch Youth U12 2020"]
[Site "Willingen"]
[Date "2020.10.30"]
[Round "5.28"]
[White "Ehrlich, Patrick"]
[Black "Bondarcuks, Timurs"]
[Result "1-0"]
[WhiteElo "1448"]
[BlackElo "1198"]
[Annotator "NA RC"]
[PlyCount "89"]
[EventDate "2020.10.27"]
[EventType "swiss"]
[EventRounds "7"]
[EventCountry "GER"]
[SourceTitle "playchess.com"]
[Source "ChessBase"]
[SourceQuality "1"]
[TimeControl "40/5400+30:1800+30"]

1. d4 {[%emt 0:00:00]} Nf6 {[%emt 0:00:00]} 2. Nf3 {[%emt 0:00:00]} g6 {[%emt 0:00:00]} 3. Nc3 {[%emt 0:00:35]} Bg7 {[%emt 0:00:00]} 4. e4 {[%emt 0:00:18]} d6 {[%emt 0:00:05]} 5. Be2 {[%emt 0:00:10]} O-O {[%emt 0:00:11]} 6. O-O {[%emt 0:00:14]} Nbd7 {[%emt 0:00:20]} 7. Be3 {[%emt 0:00:22]} e5 {[%emt 0:00:19]} 8. dxe5 {[%emt 0:07:38]} dxe5 {[%emt 0:02:44]} 9. Qd2 {[%emt 0:01:46]} b6 {[%emt 0:00:50]} 10. Rad1 {[%emt 0:00:27]} Bb7 {[%emt 0:01:21]} 11. Bc4 {[%emt 0:07:07]} Bxe4 {[%emt 0:06:17]} 12. Nxe4 {[%emt 0:01:12]} Nxe4 {[%emt 0:00:15]} 13. Qxd7 {[%emt 0:00:22]} Qxd7 {[%emt 0:02:17]} 14. Rxd7 {[%emt 0:00:15]} Nd6 {[%emt 0:06:25]} 15. Rxc7 {[%emt 0:00:32]} Nxc4 {[%emt 0:00:09]} 16. Rxc4 {[%emt 0:00:21]} Rac8 {[%emt 0:00:41]} 17. Rxc8 {[%emt 0:00:51]} Rxc8 {[%emt 0:00:05]} 18. c3 {[%emt 0:00:15]} Rd8 {[%emt 0:00:29]} 19. Re1 {[%emt 0:01:01]} Kf8 {[%emt 0:05:41]} 20. a4 {[%emt 0:00:37]} Rd7 {[%emt 0:03:29]} 21. g3 {[%emt 0:02:16]} f5 {[%emt 0:03:41]} 22. a5 {[%emt 0:01:53]} bxa5 {[%emt 0:01:15]} 23. Bc5+ {[%emt 0:00:07]} Kg8 {[%emt 0:00:57]} 24. Nxe5 {[%emt 0:00:18]} Rd5 {[%emt 0:00:12]} 25. Bd4 {[%emt 0:00:29]} Rb5 {[%emt 0:03:50]} 26. Nc4 {[%emt 0:03:36]} Bxd4 {[%emt 0:00:41]} 27. cxd4 {[%emt 0:00:10]} Rb4 {[%emt 0:00:15]} 28. Nxa5 {[%emt 0:00:07]} Rxd4 {[%emt 0:00:45]} 29. Nc6 {[%emt 0:00:29]} Rd2 {[%emt 0:01:38]} 30. Rb1 {[%emt 0:00:30]} Rd7 {[%emt 0:00:16]} 31. b4 {[%emt 0:01:04]} Rb7 {[%emt 0:01:13]} 32. b5 {[%emt 0:00:10]} Rb6 {[%emt 0:00:42]} 33. Nxa7 {[%emt 0:00:14]} Rb7 {[%emt 0:01:39]} 34. b6 {[%emt 0:00:12]} Kf7 {[%emt 0:02:06]} 35. Nc6 {[%emt 0:00:34]} Kg7 {[%emt 0:00:10]} 36. Na5 {[%emt 0:00:18]} Rb8 {[%emt 0:00:29]} 37. b7 {[%emt 0:00:08]} Kh6 {[%emt 0:00:19]} 38. Nc6 {[%emt 0:00:08]} Re8 {[%emt 0:01:05]} 39. b8=Q {[%emt 0:00:12]} Rxb8 {[%emt 0:00:21]} 40. Rxb8 {[%emt 0:00:13]} f4 {[%emt 0:00:29]} 41. gxf4 {[%emt 0:30:45]} Kh5 {[%emt 0:30:25]} 42. Rh8 {[%emt 0:00:38]} h6 {[%emt 0:00:19]} 43. Ne5 {[%emt 0:00:26]} g5 {[%emt 0:01:49]} 44. fxg5 {[%emt 0:00:27]} Kxg5 {[%emt 0:00:27]} 45. Nf7+ {[%emt 0:00:15]} 1-0